000
00268nam a22001217a 4500
040
_c
SK
082
_a
639
100
_a
NA
245
_a
Utilizing different aquatic resources for livelihoods in asia
260
_a
PHILIPPINES
_b
NA
_c
2001
300
_a
403p.
942
_c
EK
999
_c
9647
_d
9647